Normal view
MARC view
- MANAGEMENT EMPLYEE PARTICIPATION QUALITY CIRCLES
Entry Topical Term
001 - CONTROL NUMBER
- control field: 67558
003 - CONTROL NUMBER IDENTIFIER
- control field: NUST
005 - DATE AND TIME OF LATEST TRANSACTION
- control field: 20210628203840.0
008 - FIXED-LENGTH DATA ELEMENTS
- fixed length control field: 210628|| aca||aabn | a|a d
040 ## - CATALOGING SOURCE
- Original cataloging agency: NUST
- Transcribing agency: NUST
150 ## - HEADING--TOPICAL TERM
- Topical term or geographic name entry element: MANAGEMENT EMPLYEE PARTICIPATION QUALITY CIRCLES
670 ## - SOURCE DATA FOUND
- Source citation: Work cat.: (NUST): Felkins, Patricin K , Aubrey, Charles A 67557, Teamwork , involving people in quality and productivity improvement, 1988
